Slovník Slovenského národného povstania

Na minha lista:
Detalhes bibliográficos
Formato: Livro
Idioma:eslovaco
Publicado em: Bratislava Epocha 1970
Edição:2. upr. a dopl. vyd.
Tags: Adicionar Tag
Sem tags, seja o primeiro a adicionar uma tag!

MARC

LEADER 00000nam a2200000 4500
001 c121898
005 20250922120656.3
041 0 |a slo 
044 |a SK 
245 1 0 |a Slovník Slovenského národného povstania  |c J. Jablonický, Miroslav Kropilák 
250 |a 2. upr. a dopl. vyd. 
264 1 |a Bratislava  |b Epocha  |c 1970 
300 |a 337 s.